| 000 -LEADER |
| fixed length control field |
01881cam a22003734a 4500 |
| 001 - CONTROL NUMBER |
| control field |
12476807 |
| 005 - DATE AND TIME OF LATEST TRANSACTION |
| control field |
20170204093431.0 |
| 008 - FIXED-LENGTH DATA ELEMENTS--GENERAL INFORMATION |
| fixed length control field |
010719s2001 nyua bc 001 0deng |
| 010 ## - LIBRARY OF CONGRESS CONTROL NUMBER |
| LC control number |
2001044343 |
| 020 ## - INTERNATIONAL STANDARD BOOK NUMBER |
| International Standard Book Number |
1588390063 (alk. paper) |
| 020 ## - INTERNATIONAL STANDARD BOOK NUMBER |
| International Standard Book Number |
1588390071 (pbk. : alk. paper) |
| 020 ## - INTERNATIONAL STANDARD BOOK NUMBER |
| International Standard Book Number |
0300090773 (Yale University Press) |
| 042 ## - AUTHENTICATION CODE |
| Authentication code |
pcc |
| 050 00 - LIBRARY OF CONGRESS CALL NUMBER |
| Classification number |
ND623 .G366A4 2001 |
| 082 00 - DEWEY DECIMAL CLASSIFICATION NUMBER |
| Classification number |
759.5/09/032074 |
| Edition number |
21 |
| 100 1# - MAIN ENTRY--PERSONAL NAME |
| Personal name |
Christiansen, Keith. |
| 245 10 - TITLE STATEMENT |
| Title |
Orazio and Artemisia Gentileschi / |
| Statement of responsibility, etc. |
Keith Christiansen, Judith W. Mann. |
| 260 ## - PUBLICATION, DISTRIBUTION, ETC. (IMPRINT) |
| Place of publication, distribution, etc. |
New York : |
| Name of publisher, distributor, etc. |
Metropolitan Museum of Art ; |
| Place of publication, distribution, etc. |
New Haven : |
| Name of publisher, distributor, etc. |
Yale University Press, |
| Date of publication, distribution, etc. |
c2001. |
| 300 ## - PHYSICAL DESCRIPTION |
| Extent |
xx, 476 p. : |
| Other physical details |
ill. (some col.) ; |
| Dimensions |
29 cm. |
| 500 ## - GENERAL NOTE |
| General note |
Catalog of an exhibition held at the Museo del Palazzo di Venezia, Rome, Oct. 15. 2001-Jan. 6, 2002, the Metropolitan Museum of Art, New York, Feb. 14-May 12. 2002, and the St. Louis Art Museum, June 15-Sept. 15, 2002. |
| 504 ## - BIBLIOGRAPHY, ETC. NOTE |
| Bibliography, etc |
Includes bibliographical references (p. 451-467) and indexes. |
| 600 10 - SUBJECT ADDED ENTRY--PERSONAL NAME |
| Personal name |
Gentileschi, Orazio, |
| Dates associated with a name |
1563-1638? |
| Form subdivision |
Exhibitions. |
| 600 10 - SUBJECT ADDED ENTRY--PERSONAL NAME |
| Personal name |
Gentileschi, Artemisia, |
| Dates associated with a name |
1593-1652 or 1653 |
| Form subdivision |
Exhibitions. |
| 700 1# - ADDED ENTRY--PERSONAL NAME |
| Personal name |
Mann, Judith Walker, |
| Dates associated with a name |
1950- |
| 700 1# - ADDED ENTRY--PERSONAL NAME |
| Personal name |
Gentileschi, Orazio, |
| Dates associated with a name |
1563-1638? |
| 700 1# - ADDED ENTRY--PERSONAL NAME |
| Personal name |
Gentileschi, Artemisia, |
| Dates associated with a name |
1593-1652 or 1653. |
| 710 2# - ADDED ENTRY--CORPORATE NAME |
| Corporate name or jurisdiction name as entry element |
Museo di Palazzo Venezia (Rome, Italy) |
| 710 2# - ADDED ENTRY--CORPORATE NAME |
| Corporate name or jurisdiction name as entry element |
Metropolitan Museum of Art (New York, N.Y.) |
| 710 2# - ADDED ENTRY--CORPORATE NAME |
| Corporate name or jurisdiction name as entry element |
St. Louis Art Museum. |
| 942 ## - ADDED ENTRY ELEMENTS (KOHA) |
| Source of classification or shelving scheme |
|
| Koha item type |
Hard Covered Materials |